000 00445nam a2200193Ia 4500
005 20240823040423.0
008 240823s9999||||xx |||||||||||||| ||und||
020 _a81-7229-216-3
041 _aENGLISH
082 _A181.4 Q0
100 _aGandhi M K
245 0 _aAshram Observances in Action
250 _a1st
260 _c2010
_bNavajivan Publishing
500 _aYES
650 _aGeneral
_bGeneral
942 _cBK
999 _c203064
_d203064